000 00314cam a22001217a 4500
008 180718b1955 xxu||||| |||| 00| 0 eng d
082 _aT1 Ad17
100 _aAdams, G.P.
245 _aCompetitive economic systems
_cby G.P. Adams
260 _aNew York
_bCrowell
_c1955
300 _axii, 516p.
650 _aEconomics
999 _c477793
_d477793